[Event "Forcing Moves First Summer-3 op"]
[Site "Mississauga CAN"]
[Date "2023.09.23"]
[Round "3.2"]
[White "Kim, Noah"]
[Black "Bordas, Gyula"]
[Result "1/2-1/2"]
[WhiteElo "2109"]
[BlackElo "1932"]
[PlyCount "70"]
[EventDate "2023.09.23"]
[EventType "swiss"]
[EventRounds "5"]
[EventCountry "CAN"]

1. e4 c5 2. Nf3 d6 3. d4 cxd4 4. Nxd4 Nf6 5. Nc3 a6 6. Rg1 h5 7. h3 e5 8. Nb3
Be6 9. g4 d5 10. exd5 Nxd5 11. Nxd5 Qxd5 12. Qxd5 Bxd5 13. Be3 Nd7 14. Be2 hxg4
15. hxg4 Rc8 16. O-O-O Be4 17. Rd2 Nc5 18. Na5 b5 19. f3 Ba8 20. Kb1 Rh3 21.
Rf1 e4 22. Bd1 exf3 23. Bxc5 Bxc5 24. Rd3 Bb6 25. Nb3 Rd8 26. Rc3 b4 27. Rd3
Rxd3 28. cxd3 f2 29. d4 Rh1 30. Be2 a5 31. Kc2 a4 32. Nc5 Rxf1 33. Bxf1 Bxc5
34. dxc5 Bd5 35. a3 bxa3 1/2-1/2

[Event "Forcing Moves First Summer-3 op"]
[Site "Mississauga CAN"]
[Date "2023.09.23"]
[Round "3.3"]
[White "Russell, Wesley"]
[Black "Ruchinskaya, Valerie"]
[Result "0-1"]
[WhiteElo "1706"]
[BlackElo "2186"]
[PlyCount "138"]
[EventDate "2023.09.23"]
[EventType "swiss"]
[EventRounds "5"]
[EventCountry "CAN"]

1. e4 e6 2. d4 d5 3. Nc3 Bb4 4. e5 c5 5. a3 Bxc3+ 6. bxc3 Qa5 7. Bd2 Qa4 8. Nf3
b6 9. Be2 Ba6 10. Bxa6 Qxa6 11. Qe2 Qxe2+ 12. Kxe2 Ne7 13. Bg5 Nd7 14. Bxe7
Kxe7 15. Kd3 Rac8 16. Nd2 Rhd8 17. f4 Rc7 18. a4 cxd4 19. Kxd4 Nc5 20. Ra3 Ne4
21. Nxe4 Rc4+ 22. Kd3 Rxe4 23. g3 Rc8 24. Rb1 g5 25. a5 gxf4 26. axb6 axb6 27.
Ra7+ Kf8 28. Rxb6 Rxe5 29. g4 Rg5 30. Rbb7 Rg7 31. Ke2 Kg8 32. Kf3 Rxc3+ 33.
Kxf4 h6 34. h4 Rxc2 35. h5 Rc4+ 36. Kf3 Rcxg4 37. Rb8+ Kh7 38. Rxf7 Rg3+ 39.
Kf2 Rxf7+ 40. Kxg3 Kg7 41. Rb6 Kf6 42. Kf4 Rc7 43. Rb1 Rc4+ 44. Kg3 Kg5 45. Rb6
Re4 46. Kf3 Kxh5 47. Rb8 Kg5 48. Rg8+ Kf5 49. Rh8 Ra4 50. Rxh6 Ra3+ 51. Ke2 d4
52. Rh5+ Ke4 53. Rh4+ Kd5 54. Rh8 e5 55. Rh5 Re3+ 56. Kd2 Rg3 57. Rh8 Ke4 58.
Rh4+ Kf5 59. Rh8 Rf3 60. Ke2 Ke4 61. Rh5 d3+ 62. Kd2 Kd4 63. Rh8 Rf2+ 64. Ke1
Re2+ 65. Kf1 e4 66. Rd8+ Ke3 67. Rh8 Rf2+ 68. Kg1 d2 69. Rd8 Re2 0-1

[Event "Forcing Moves First Summer-3 op"]
[Site "Mississauga CAN"]
[Date "2023.09.23"]
[Round "3.4"]
[White "Brajkovic, Nikola"]
[Black "Park, Haneul"]
[Result "1-0"]
[WhiteElo "1943"]
[BlackElo "1707"]
[PlyCount "151"]
[EventDate "2023.09.23"]
[EventType "swiss"]
[EventRounds "5"]
[EventCountry "CAN"]

1. d4 d5 2. Nf3 Nf6 3. e3 Bf5 4. c4 e6 5. Nc3 Nbd7 6. a3 c6 7. b3 Bd6 8. Bb2 h6
9. h3 O-O 10. Be2 Ne4 11. Nxe4 Bxe4 12. O-O Rc8 13. Nd2 Bf5 14. c5 Bb8 15. f4
Qh4 16. Nf3 Qe7 17. Bd3 Nf6 18. Bxf5 exf5 19. Qd3 Ne4 20. Rae1 Ng3 21. Rf2 Ne4
22. Rc2 Rfe8 23. Bc1 Qd8 24. b4 Re6 25. Nd2 Qe7 26. Rf1 Re8 27. Rf3 Qh4 28. Qf1
Bc7 29. Kh2 g5 30. Nxe4 fxe4 31. g3 Qh5 32. Rff2 g4 33. Kg1 Rg6 34. Rh2 Kh7 35.
Bd2 Reg8 36. Be1 Qf5 37. hxg4 Rxg4 38. Rcg2 R8g6 39. Kh1 Bd8 40. Rg1 Bc7 41.
Bf2 Bb8 42. Qh3 Bc7 43. Qh5 Qf6 44. Rh3 Bd8 45. Rh2 Bc7 46. Qh3 Qe6 47. Qf1 Bb8
48. Rh5 f5 49. Kh2 Bc7 50. Be1 Bd8 51. Rh1 Bc7 52. Kg2 Bb8 53. R1h4 Rxh4 54.
Rxh4 Bc7 55. Rh5 Qf7 56. Qh1 Qe6 57. Qh3 Rf6 58. Rg5 Qf7 59. g4 fxg4 60. Rxg4
Rg6 61. Bg3 Bd8 62. Rxg6 Kxg6 63. Qg4+ Kh7 64. Qc8 Bf6 65. Qf5+ Qg6 66. Qe6 Qg7
67. Kh3 Bd8 68. f5 Qg5 69. Qf7+ Qg7 70. Qe8 Bf6 71. Be5 Qh8 72. Qf7+ Bg7 73.
Qg6+ Kg8 74. f6 Qh7 75. Qxg7+ Qxg7 76. fxg7 1-0

[Event "Forcing Moves First Summer-3 op"]
[Site "Mississauga CAN"]
[Date "2023.09.23"]
[Round "3.5"]
[White "Deepak, Laksshana"]
[Black "Deshpande, Sarthak"]
[Result "1-0"]
[WhiteElo "1766"]
[BlackElo "1720"]
[PlyCount "153"]
[EventDate "2023.09.23"]
[EventType "swiss"]
[EventRounds "5"]
[EventCountry "CAN"]

1. d4 d5 2. Nf3 Nf6 3. Bf4 Bf5 4. e3 e6 5. Bd3 Ne4 6. Nbd2 Nxd2 7. Qxd2 Bxd3 8.
Qxd3 Bd6 9. Bg3 c6 10. O-O-O Na6 11. Kb1 Qc7 12. Rhe1 O-O-O 13. c4 Bxg3 14.
hxg3 Kb8 15. c5 e5 16. Nxe5 Nxc5 17. Nxc6+ Qxc6 18. dxc5 Qxc5 19. Qf5 f6 20.
Re2 Qc4 21. Red2 Qa4 22. Qf4+ Qxf4 23. gxf4 Kc7 24. Rxd5 Rxd5 25. Rxd5 Kc6 26.
Rd4 Re8 27. Kc2 f5 28. Kd3 Re6 29. Ke2 Re7 30. Kf3 Kc5 31. Kg3 Kc6 32. Rd8 Kc5
33. Rf8 g6 34. Rd8 a5 35. Rd4 b5 36. Kh4 b4 37. Kg5 a4 38. Kh6 Rf7 39. a3 bxa3
40. bxa3 Ra7 41. Kg5 Ra6 42. Rd7 Kc4 43. Rb7 Kc3 44. Kh6 Kd2 45. Kxh7 Kd3 46.
Rb4 Ke2 47. Rb2+ Kd3 48. Kh6 Kc3 49. Rb4 Kd2 50. Kg5 Ke2 51. Rb2+ Kd3 52. g4
fxg4 53. Kxg4 Ra5 54. Kf3 Kc3 55. Rb4 Ra6 56. e4 Ra5 57. e5 Kd3 58. Kg4 Ra6 59.
f5 gxf5+ 60. Kxf5 Ke2 61. f4 Kf3 62. Rc4 Ra5 63. Kf6 Ra6+ 64. e6 Kg4 65. f5+
Kh5 66. Kf7 Ra7+ 67. e7 Kg5 68. f6 Kh6 69. Kf8 Kh7 70. Rh4+ Kg6 71. e8=Q+ Kxf6
72. Rh6+ Kg5 73. Qe3+ Kg4 74. Qxa7 Kg5 75. Qe3+ Kg4 76. Rg6+ Kh4 77. Qh6# 1-0

[Event "Forcing Moves First Summer-3 op"]
[Site "Mississauga CAN"]
[Date "2023.09.24"]
[Round "4.1"]
[White "Bordas, Gyula"]
[Black "Lakhani, Riyaan"]
[Result "1/2-1/2"]
[WhiteElo "1932"]
[BlackElo "1857"]
[PlyCount "53"]
[EventDate "2023.09.23"]
[EventType "swiss"]
[EventRounds "5"]
[EventCountry "CAN"]

1. e4 g6 2. c4 d6 3. d4 Bg7 4. Nc3 Nc6 5. Be3 e5 6. d5 Nce7 7. Nge2 f5 8. f3
Nf6 9. h3 c5 10. Qd2 O-O 11. a3 b6 12. b4 a6 13. Rb1 Bd7 14. Qb2 Rb8 15. a4 a5
16. bxc5 bxc5 17. Qxb8 Qxb8 18. Rxb8 Rxb8 19. Nc1 Nc8 20. Bd3 Rb2 21. O-O f4
22. Rf2 Rxf2 23. Bxf2 Nb6 24. Nb3 Nxa4 25. Nxa4 Bxa4 26. Nxa5 Ne8 27. Kf1
1/2-1/2

[Event "Forcing Moves First Summer-3 op"]
[Site "Mississauga CAN"]
[Date "2023.09.24"]
[Round "4.2"]
[White "Ruchinskaya, Valerie"]
[Black "Brajkovic, Nikola"]
[Result "1-0"]
[WhiteElo "2186"]
[BlackElo "1943"]
[PlyCount "69"]
[EventDate "2023.09.23"]
[EventType "swiss"]
[EventRounds "5"]
[EventCountry "CAN"]

1. d4 Nf6 2. c4 e6 3. Nc3 d5 4. cxd5 exd5 5. Bg5 Be7 6. e3 c6 7. Bd3 h6 8. Bh4
Be6 9. Nge2 Qd7 10. Qc2 Ne4 11. Bxe7 Nxc3 12. Bc5 Nb5 13. O-O b6 14. Bb4 Na6
15. Bd2 O-O 16. a4 Nbc7 17. b4 Rac8 18. Rfc1 Nb8 19. f3 Ne8 20. a5 b5 21. e4
Nd6 22. e5 Nc4 23. Ng3 Na6 24. f4 Nxd2 25. Qxd2 Qe7 26. Rab1 Bd7 27. Rf1 Qh4
28. Be2 Rce8 29. f5 Qg5 30. Rf4 Nc7 31. Rbf1 g6 32. h4 Qxg3 33. R1f3 Qxf3 34.
Rxf3 Kh7 35. Qd3 1-0

[Event "Forcing Moves First Summer-3 op"]
[Site "Mississauga CAN"]
[Date "2023.09.24"]
[Round "4.3"]
[White "Tenkov, Arkadii"]
[Black "Kim, Noah"]
[Result "0-1"]
[WhiteElo "1717"]
[BlackElo "2109"]
[PlyCount "82"]
[EventDate "2023.09.23"]
[EventType "swiss"]
[EventRounds "5"]
[EventCountry "CAN"]

1. e4 c5 2. Nc3 Nc6 3. g3 g6 4. Bg2 Bg7 5. Nge2 e6 6. d3 Nge7 7. Bg5 h6 8. Be3
b6 9. d4 cxd4 10. Nxd4 Ba6 11. Bf1 Bxf1 12. Kxf1 O-O 13. Kg2 Ne5 14. b3 d5 15.
f4 N5c6 16. e5 Nxd4 17. Bxd4 Nf5 18. Ne2 Rc8 19. c3 g5 20. Qd2 f6 21. Rae1 fxe5
22. fxe5 Qc7 23. Rhf1 Rfe8 24. Nc1 Re7 25. Nd3 Qd8 26. Rc1 Rec7 27. Kh1 Qe8 28.
Kg2 Bf8 29. Nf2 Qh5 30. Nd1 Ba3 31. Rc2 Qg6 32. Bf2 d4 33. c4 d3 34. Rc3 Bb4
35. Qxd3 Bxc3 36. Qxc3 Rd7 37. g4 Nd4 38. Qe3 Rf8 39. Nb2 Rf3 40. Qxf3 Nxf3 41.
Kxf3 Qc2 0-1

[Event "Forcing Moves First Summer-3 op"]
[Site "Mississauga CAN"]
[Date "2023.09.24"]
[Round "4.4"]
[White "Park, Haneul"]
[Black "Deepak, Laksshana"]
[Result "0-1"]
[WhiteElo "1707"]
[BlackElo "1766"]
[PlyCount "58"]
[EventDate "2023.09.23"]
[EventType "swiss"]
[EventRounds "5"]
[EventCountry "CAN"]

1. d4 Nf6 2. c4 g6 3. Nc3 d5 4. cxd5 Nxd5 5. e4 Nxc3 6. bxc3 Bg7 7. Nf3 c5 8.
Be3 Nc6 9. Rc1 Bg4 10. d5 Ne5 11. Bb5+ Bd7 12. Be2 Nxf3+ 13. Bxf3 Qa5 14. Qd2
O-O 15. O-O Rac8 16. Be2 b5 17. f4 Rfd8 18. Rc2 Qc7 19. Qe1 e6 20. dxe6 fxe6
21. Qh4 Qa5 22. Qg5 Qa4 23. Rd2 Qxe4 24. Bxc5 Bxc3 25. Rd6 Qxe2 26. Qe7 Qc4 27.
Bf2 Bb4 28. Rfd1 Bxd6 29. Qxd6 Be8 0-1

[Event "Forcing Moves First Summer-3 op"]
[Site "Mississauga CAN"]
[Date "2023.09.24"]
[Round "4.5"]
[White "Deshpande, Sarthak"]
[Black "Russell, Wesley"]
[Result "1-0"]
[WhiteElo "1720"]
[BlackElo "1706"]
[PlyCount "51"]
[EventDate "2023.09.23"]
[EventType "swiss"]
[EventRounds "5"]
[EventCountry "CAN"]

1. d4 d5 2. c4 e6 3. Nf3 Nf6 4. g3 Be7 5. Bg2 O-O 6. O-O dxc4 7. Ne5 Nc6 8.
Nxc6 bxc6 9. Bxc6 Rb8 10. Nc3 Nd5 11. Qa4 Rb6 12. Qxc4 Nb4 13. d5 Ba6 14. Qe4
Nxc6 15. dxc6 Qe8 16. Be3 Rxb2 17. Rab1 Rxb1 18. Rxb1 Bf6 19. Na4 Qa8 20. Nc5
Bxe2 21. Nd7 Rd8 22. Bf4 Bh5 23. Rb7 Bg6 24. Qa4 Rxd7 25. cxd7 Qxb7 26. d8=R+
1-0

[Event "Forcing Moves First Summer-3 op"]
[Site "Mississauga CAN"]
[Date "2023.09.24"]
[Round "5.1"]
[White "Kim, Noah"]
[Black "Lakhani, Riyaan"]
[Result "1-0"]
[WhiteElo "2109"]
[BlackElo "1857"]
[PlyCount "87"]
[EventDate "2023.09.23"]
[EventType "swiss"]
[EventRounds "5"]
[EventCountry "CAN"]

1. d4 g6 2. Nf3 Bg7 3. g3 d6 4. Bg2 Nc6 5. O-O e5 6. d5 Nce7 7. c4 h6 8. Nc3 f5
9. b4 Nf6 10. a4 g5 11. a5 Ng6 12. Nd2 h5 13. c5 h4 14. cxd6 cxd6 15. Nc4 Ng4
16. Nb5 Bf8 17. h3 Nh6 18. g4 fxg4 19. Be3 gxh3 20. Be4 Nf4 21. Rc1 g4 22. Bxf4
exf4 23. Bg6+ Nf7 24. Qd4 Qg5 25. Ncxd6+ Bxd6 26. Nxd6+ Kf8 27. Nxf7 Qxg6 28.
Qxh8+ Qg8 29. Qxg8+ Kxg8 30. Ne5 g3 31. fxg3 fxg3 32. Nf3 Bg4 33. Rc4 Bxf3 34.
Rxf3 h2+ 35. Kh1 Re8 36. Rg4+ Kh7 37. Rxh4+ Kg6 38. Rxg3+ Kf5 39. Rxh2 b5 40.
axb6 axb6 41. d6 b5 42. d7 Rd8 43. Rh7 Ke6 44. Re3+ 1-0

[Event "Forcing Moves First Summer-3 op"]
[Site "Mississauga CAN"]
[Date "2023.09.24"]
[Round "5.2"]
[White "Bordas, Gyula"]
[Black "Ruchinskaya, Valerie"]
[Result "1/2-1/2"]
[WhiteElo "1932"]
[BlackElo "2186"]
[PlyCount "100"]
[EventDate "2023.09.23"]
[EventType "swiss"]
[EventRounds "5"]
[EventCountry "CAN"]

1. e4 e6 2. d4 d5 3. Nd2 Be7 4. c3 c5 5. e5 Nc6 6. Ne2 Bd7 7. f4 Qb6 8. Nf3 Nh6
9. g3 Nf5 10. Bh3 cxd4 11. cxd4 Bb4+ 12. Kf1 g6 13. Kg2 Na5 14. g4 Ng7 15. b3
O-O-O 16. Bd2 Kb8 17. Qe1 Bxd2 18. Qxd2 h5 19. g5 Rc8 20. Rhc1 Rc6 21. Ne1 Rhc8
22. Nd3 Qd8 23. Nc3 b6 24. Nb4 Qe7 25. Nxc6+ Nxc6 26. Ne2 Qb4 27. Rc3 Ne8 28.
a3 Qb5 29. Kf2 Na5 30. Rxc8+ Kxc8 31. Qc2+ Kb7 32. Rb1 Nc7 33. Nc3 Qc6 34. Bf1
Ne8 35. Rc1 Qc7 36. Bd3 Qd8 37. Nb1 Nc6 38. b4 Nxd4 39. Qc3 Nb5 40. Bxb5 Bxb5
41. Qd4 Nc7 42. Nc3 Qe7 43. Nxb5 Nxb5 44. Qd3 a6 45. Rc2 Nc7 46. Qc3 Qd7 47. a4
Ne8 48. b5 a5 49. Qc6+ Qxc6 50. Rxc6 Ng7 1/2-1/2

[Event "Forcing Moves First Summer-3 op"]
[Site "Mississauga CAN"]
[Date "2023.09.24"]
[Round "5.3"]
[White "Deepak, Laksshana"]
[Black "Tenkov, Arkadii"]
[Result "1-0"]
[WhiteElo "1766"]
[BlackElo "1717"]
[PlyCount "131"]
[EventDate "2023.09.23"]
[EventType "swiss"]
[EventRounds "5"]
[EventCountry "CAN"]

1. d4 Nf6 2. Bf4 e6 3. Nf3 b6 4. e3 Bb7 5. h3 Be7 6. Bd3 O-O 7. O-O d5 8. c3 c5
9. Nbd2 Nbd7 10. Re1 Ne4 11. Qc2 Ndf6 12. Ne5 cxd4 13. exd4 Rc8 14. a4 a6 15.
Nf1 Nd6 16. Qe2 Ra8 17. Rec1 h6 18. b3 Nde4 19. Rc2 Nd7 20. Nxd7 Qxd7 21. Bxe4
dxe4 22. Nd2 Qd5 23. Nc4 Qd8 24. a5 b5 25. Nb6 Ra7 26. Be3 f5 27. Bf4 Bd6 28.
Bxd6 Qxd6 29. Rd2 f4 30. Qh5 Rf5 31. Qe8+ Kh7 32. d5 exd5 33. Qxe4 dxe4 34.
Rxd6 e3 35. Rd7 Rg5 36. g4 fxg3 37. fxe3 Rh5 38. Kf1 Rxh3 39. Ke2 Rh2+ 40. Kd3
g2 41. Rg1 Rh1 42. Rxg2 Bxg2 43. Rxa7 h5 44. Nd7 h4 45. Nf6+ Kg6 46. Ng4 Rd1+
47. Ke2 Rd6 48. Kf2 Bd5 49. c4 bxc4 50. bxc4 Be4 51. c5 Rd2+ 52. Ke1 Rg2 53.
Rxa6+ Kf5 54. Nf2 Bd5 55. c6 Rg1+ 56. Kd2 Rg2 57. e4+ Bxe4 58. Ke3 Rg3+ 59. Kd4
Bxc6 60. Rxc6 Rf3 61. Rc8 Kg6 62. a6 Ra3 63. Rc6+ Kh5 64. Kc5 h3 65. Kb4 Rf3
66. a7 1-0

[Event "Forcing Moves First Summer-3 op"]
[Site "Mississauga CAN"]
[Date "2023.09.24"]
[Round "5.4"]
[White "Brajkovic, Nikola"]
[Black "Deshpande, Sarthak"]
[Result "1-0"]
[WhiteElo "1943"]
[BlackElo "1720"]
[PlyCount "71"]
[EventDate "2023.09.23"]
[EventType "swiss"]
[EventRounds "5"]
[EventCountry "CAN"]

1. e4 c6 2. d4 d5 3. exd5 cxd5 4. Bd3 Nf6 5. h3 Nc6 6. c3 g6 7. Nf3 Bf5 8. Bxf5
gxf5 9. Bf4 e6 10. Qe2 Bd6 11. Bg5 Be7 12. Nbd2 Ne4 13. Bxe7 Qxe7 14. Nxe4 fxe4
15. Nd2 O-O-O 16. O-O-O Kb8 17. g3 Qc7 18. Kb1 e5 19. Nb3 Qb6 20. Rd2 a5 21.
Rc1 exd4 22. cxd4 Qb4 23. Qe3 Rhf8 24. a3 Qb6 25. Nc5 Ka8 26. Qh6 Qb5 27. Qxh7
b6 28. a4 Qb4 29. Qh6 f6 30. Ne6 Rh8 31. Qxf6 Qxd2 32. Nxd8 Qd3+ 33. Ka1 Nxd4
34. Rc8+ Ka7 35. Qg7+ Ka6 36. Qb7# 1-0

[Event "Forcing Moves First Summer-3 op"]
[Site "Mississauga CAN"]
[Date "2023.09.24"]
[Round "5.5"]
[White "Russell, Wesley"]
[Black "Park, Haneul"]
[Result "0-1"]
[WhiteElo "1706"]
[BlackElo "1707"]
[PlyCount "44"]
[EventDate "2023.09.23"]
[EventType "swiss"]
[EventRounds "5"]
[EventCountry "CAN"]

1. e4 e6 2. d4 d5 3. Nc3 Bb4 4. e5 c5 5. a3 Bxc3+ 6. bxc3 Ne7 7. Qg4 Qc7 8. Ne2
O-O 9. Bg5 Nf5 10. Ra2 cxd4 11. cxd4 Qc4 12. Rb2 Nc6 13. c3 Nxe5 14. Qh3 Nd3+
15. Kd2 Nxb2 16. g4 Nd6 17. Ng3 Qa2 18. Nh5 Ne4+ 19. Ke2 Nc4+ 20. Ke1 Qxf2+ 21.
Kd1 Nxg5 22. Qd3 Nb2+ 0-1

[Event "Forcing Moves Spring-1 Extra"]
[Site "Mississauga CAN"]
[Date "2023.04.29"]
[Round "2.4"]
[White "Supsup, Ferdinand"]
[Black "Zhang, Michelle"]
[Result "1/2-1/2"]
[WhiteElo "1699"]
[BlackElo "1795"]
[PlyCount "108"]
[EventDate "2023.04.29"]
[EventType "swiss"]
[EventRounds "5"]
[EventCountry "CAN"]

1. d4 d5 2. Nf3 Nf6 3. c3 c6 4. Bf4 Bf5 5. Qb3 Qb6 6. Nbd2 Nbd7 7. e3 e6 8. c4
c5 9. Be2 Be7 10. O-O O-O 11. h3 h6 12. Rfd1 Rac8 13. g4 Bg6 14. Ne5 Nxe5 15.
Bxe5 Rfd8 16. dxc5 Bxc5 17. Bxf6 gxf6 18. cxd5 Rxd5 19. Bc4 Rd7 20. Bb5 Rdd8
21. Be2 Qxb3 22. Nxb3 Bb6 23. Bf3 Rxd1+ 24. Rxd1 Rc7 25. Rc1 Rd7 26. Rc8+ Kg7
27. Rb8 Rc7 28. Nd4 Rc1+ 29. Kg2 Bxd4 30. exd4 b6 31. Rb7 Rc2 32. Rxa7 Rxb2 33.
d5 exd5 34. Bxd5 Rb5 35. Bc6 Ra5 36. Rxa5 bxa5 37. Kf3 f5 38. Bd7 fxg4+ 39.
hxg4 Kf6 40. Kf4 Ke7 41. Bf5 Kd6 42. Ke4 h5 43. Bxg6 fxg6 44. gxh5 gxh5 45. Kf4
Kd5 46. Kg5 Ke4 47. f4 h4 48. f5 h3 49. f6 h2 50. f7 h1=Q 51. f8=Q Qg2+ 52. Kh4
Qh2+ 53. Kg4 Qg2+ 54. Kh4 Qh2+ 1/2-1/2

[Event "Forcing Moves Spring-1 Extra"]
[Site "Mississauga CAN"]
[Date "2023.04.29"]
[Round "3.14"]
[White "Baradi, Justin"]
[Black "Supsup, Ferdinand"]
[Result "0-1"]
[WhiteElo "924"]
[BlackElo "1699"]
[PlyCount "46"]
[EventDate "2023.04.29"]
[EventType "swiss"]
[EventRounds "5"]
[EventCountry "CAN"]

1. e4 e6 2. d4 d5 3. e5 Bd7 4. Nf3 a6 5. c4 dxc4 6. Bxc4 Bc6 7. O-O Nd7 8. Nc3
Nb6 9. Bb3 Ne7 10. a4 Qd7 11. Be3 O-O-O 12. Qe2 h6 13. Rfd1 g5 14. h3 Nbd5 15.
Nxd5 Nxd5 16. Bxd5 Bxd5 17. Nd2 Be7 18. b3 Rdg8 19. Rab1 h5 20. Nf3 g4 21. hxg4
hxg4 22. Nd2 Bxg2 23. Kxg2 Qd5+ 0-1

[Event "Forcing Moves Spring-1 Extra"]
[Site "Mississauga CAN"]
[Date "2023.04.30"]
[Round "5.15"]
[White "Ejercito, Cristian"]
[Black "Supsup, Ferdinand"]
[Result "0-1"]
[WhiteElo "988"]
[BlackElo "1699"]
[PlyCount "50"]
[EventDate "2023.04.29"]
[EventType "swiss"]
[EventRounds "5"]
[EventCountry "CAN"]

1. e4 e6 2. d4 d5 3. Nc3 Nf6 4. Bg5 h6 5. Bh4 g5 6. Bg3 Nxe4 7. Nxe4 dxe4 8. h4
gxh4 9. Bxh4 Qd5 10. Qd2 Nc6 11. Ne2 Bg7 12. c3 Ne7 13. Nf4 Qf5 14. Be2 e5 15.
g4 Qxf4 16. Qd1 exd4 17. Bg3 Qg5 18. Bxc7 Bd7 19. Rh5 Qg6 20. cxd4 Rc8 21. Rc1
Bc6 22. Bg3 O-O 23. b3 Rfd8 24. Qd2 Rxd4 25. Qe3 Nd5 0-1

[Event "Forcing Moves Spring-1 U1600"]
[Site "Mississauga CAN"]
[Date "2023.04.29"]
[Round "1.5"]
[White "Suresh, Pavan"]
[Black "Barbisan, Owen"]
[Result "1-0"]
[WhiteElo "1484"]
[BlackElo "1126"]
[PlyCount "31"]
[EventDate "2023.04.29"]
[EventType "swiss"]
[EventRounds "5"]
[EventCountry "CAN"]

1. d4 d5 2. Nf3 e6 3. Bf4 Nf6 4. e3 c5 5. c3 Nc6 6. Nbd2 Bd6 7. Ne5 Bxe5 8.
dxe5 Nd7 9. Nf3 O-O 10. Bd3 Qc7 11. Bxh7+ Kxh7 12. Ng5+ Kg8 13. Qh5 Re8 14.
Qxf7+ Kh8 15. Qxe8+ Nf8 16. Qxf8# 1-0

[Event "Forcing Moves Spring-1 U1600"]
[Site "Mississauga CAN"]
[Date "2023.04.29"]
[Round "1.6"]
[White "Pedersen, Noah"]
[Black "Shah, Mustafa"]
[Result "0-1"]
[WhiteElo "1118"]
[BlackElo "1451"]
[PlyCount "124"]
[EventDate "2023.04.29"]
[EventType "swiss"]
[EventRounds "5"]
[EventCountry "CAN"]

1. e4 c6 2. d4 d5 3. Nc3 dxe4 4. Nxe4 Nf6 5. Nxf6+ exf6 6. Bc4 Bb4+ 7. c3 Bd6
8. Ne2 O-O 9. Bf4 Bf5 10. O-O Qc7 11. Bxd6 Qxd6 12. d5 b5 13. Nd4 Bg6 14. Bxb5
cxb5 15. Nxb5 Qd7 16. c4 Na6 17. Qd4 Nb4 18. Qc5 Nd3 19. Qd4 a6 20. Na3 Rab8
21. b3 Qd6 22. c5 Qxc5 23. Qxc5 Nxc5 24. d6 Rfd8 25. Rfd1 h6 26. Rac1 Nd3 27.
Rc6 Nb4 28. Rc7 Rbc8 29. Rb7 Nd3 30. Nc4 Nc5 31. Ra7 Rc6 32. d7 Bf5 33. Na5 Rb6
34. Rd5 Bxd7 35. Rxc5 Be6 36. Kf1 Rd2 37. Nc4 Bxc4+ 38. Rxc4 Re6 39. g3 Ree2
40. Rf4 Rxa2 41. Rxa6 Reb2 42. Rb6 Rc2 43. Kg2 Kf8 44. Rb7 Kg8 45. Rf3 Rc6 46.
Re3 Rcc2 47. Rf3 Re2 48. Kf1 Re6 49. Kg2 g6 50. Rb4 Kg7 51. Kf1 h5 52. Rc4 g5
53. Rc1 Rb6 54. Rcc3 Kg6 55. Kg2 Rd6 56. Rfd3 Rda6 57. Rd5 R2a3 58. Rb5 g4 59.
Rcc5 Ra2 60. Rf5 Ra1 61. Rfc5 Rb1 62. f4 Rb2+ 0-1

[Event "Forcing Moves Spring-1 U1600"]
[Site "Mississauga CAN"]
[Date "2023.04.29"]
[Round "1.7"]
[White "Uyanik, Mehmet"]
[Black "Arnold, Devin"]
[Result "1-0"]
[WhiteElo "1380"]
[BlackElo "1109"]
[PlyCount "117"]
[EventDate "2023.04.29"]
[EventType "swiss"]
[EventRounds "5"]
[EventCountry "CAN"]

1. e4 e5 2. Nf3 Nf6 3. Nc3 Nc6 4. Bc4 Nxe4 5. Nxe4 d5 6. Qe2 dxe4 7. Qxe4 f6 8.
Bd5 Bd7 9. d4 Qe7 10. O-O O-O-O 11. Re1 Qd6 12. dxe5 f5 13. Qc4 Qc5 14. e6 Be8
15. Qxc5 Bxc5 16. Bxc6 Bxc6 17. Bg5 Rde8 18. Re5 Bd6 19. Re2 h6 20. Bd2 Re7 21.
Nd4 Rhe8 22. b4 Bd5 23. Nxf5 Rxe6 24. Rxe6 Rxe6 25. Ne3 Bc6 26. c4 b6 27. Rc1
Bf4 28. g3 Bg5 29. f4 Bf6 30. Kf1 Bd4 31. Nf5 Bf6 32. Bc3 g5 33. Bxf6 Rxf6 34.
Ne7+ Kd7 35. Nxc6 Kxc6 36. Rd1 gxf4 37. g4 Rd6 38. Rxd6+ Kxd6 39. Kf2 Ke5 40.
Kf3 Kd4 41. h4 Ke5 42. h5 Kd4 43. Kxf4 Kxc4 44. g5 hxg5+ 45. Kxg5 Kxb4 46. h6
Ka3 47. h7 c5 48. h8=Q Kxa2 49. Qc3 a5 50. Qc4+ Ka3 51. Qb5 a4 52. Kf4 c4 53.
Qxc4 b5 54. Qxb5 Ka2 55. Qxa4+ Kb2 56. Ke3 Kc1 57. Kd3 Kb1 58. Kc3 Kc1 59. Qc2#
1-0

[Event "Forcing Moves Spring-1 U1600"]
[Site "Mississauga CAN"]
[Date "2023.04.29"]
[Round "1.8"]
[White "Ejercito, Cristian"]
[Black "Gerard, Stephane"]
[Result "0-1"]
[WhiteElo "988"]
[BlackElo "1340"]
[PlyCount "112"]
[EventDate "2023.04.29"]
[EventType "swiss"]
[EventRounds "5"]
[EventCountry "CAN"]

1. e4 e5 2. Nf3 Nc6 3. Bb5 Nf6 4. O-O Be7 5. Re1 d6 6. c3 Bd7 7. d4 a6 8. Ba4
b5 9. Bc2 O-O 10. h3 a5 11. Nbd2 Na7 12. Nf1 c5 13. dxe5 dxe5 14. Nxe5 Be6 15.
Qe2 Qc7 16. f4 Bd6 17. f5 Bxe5 18. fxe6 fxe6 19. Bg5 c4 20. a4 b4 21. Qe3 b3
22. Bd1 Nc8 23. Nd2 Nb6 24. Nf3 Bg3 25. Rf1 Rae8 26. Nd4 Be5 27. Kh1 Bxd4 28.
cxd4 Nxe4 29. Bf4 Nd6 30. Bf3 Nd5 31. Bxd5 exd5 32. Qg3 Re6 33. Bxd6 Qxd6 34.
Qxd6 Rxd6 35. Rxf8+ Kxf8 36. Rf1+ Ke7 37. Rf4 Rd7 38. Rf2 Ke6 39. Re2+ Kf5 40.
Re5+ Kf4 41. Kh2 c3 42. bxc3 b2 43. Re1 Rb7 44. Rb1 Ke3 45. c4 Kxd4 46. cxd5
Kxd5 47. Kg1 Kc4 48. Kf2 Kc3 49. Ke1 Kc2 50. Rd1 b1=Q 51. Rxb1 Rxb1+ 52. Kf2
Rb4 53. g4 Rxa4 54. Kg3 g5 55. h4 gxh4+ 56. Kxh4 Rxg4+ 0-1

[Event "Forcing Moves Spring-1 U1600"]
[Site "Mississauga CAN"]
[Date "2023.04.29"]
[Round "1.9"]
[White "Sreekumar Maliekal, Balakrishnan"]
[Black "Baradi, Justin"]
[Result "1-0"]
[WhiteElo "1259"]
[BlackElo "924"]
[PlyCount "45"]
[EventDate "2023.04.29"]
[EventType "swiss"]
[EventRounds "5"]
[EventCountry "CAN"]

1. d4 d5 2. c4 e6 3. Nf3 Nf6 4. g3 Be7 5. Bg2 O-O 6. O-O b6 7. Nc3 c5 8. cxd5
Nxd5 9. Nxd5 exd5 10. Qb3 Be6 11. Bf4 Nc6 12. Rfd1 Na5 13. Qd3 c4 14. Qe3 Nc6
15. Rac1 a5 16. Ne5 Nxe5 17. Qxe5 Qd7 18. Rc3 b5 19. Re3 b4 20. Bxd5 Bxd5 21.
Qxe7 Qh3 22. f3 Rfe8 23. Qxe8+ 1-0

[Event "Forcing Moves Spring-1 U1600"]
[Site "Mississauga CAN"]
[Date "2023.04.29"]
[Round "1.10"]
[White "Sreekumar, Gayathri"]
[Black "Tuladhar, Jude"]
[Result "0-1"]
[WhiteElo "895"]
[BlackElo "1232"]
[PlyCount "74"]
[EventDate "2023.04.29"]
[EventType "swiss"]
[EventRounds "5"]
[EventCountry "CAN"]

1. d4 Nf6 2. c4 g6 3. Nc3 d5 4. Bg5 Ne4 5. Bh4 Nxc3 6. bxc3 dxc4 7. e3 Bg7 8.
Bxc4 O-O 9. Nf3 c5 10. O-O Nc6 11. Re1 Qa5 12. Qb3 Qc7 13. Ng5 e6 14. Qb5 cxd4
15. cxd4 a6 16. Qb2 Nxd4 17. Qd2 Qxc4 18. exd4 Bxd4 19. Rac1 Bc3 20. Rxc3 Qxh4
21. Rh3 Qg4 22. Nxh7 Qxh3 23. gxh3 Kxh7 24. Re4 Kg7 25. Qd4+ f6 26. Qd6 b5 27.
Qe7+ Rf7 28. Qd6 Raa7 29. Qd8 Rf8 30. Qb6 Rd7 31. Kf1 Bb7 32. Rxe6 Bf3 33. Qxa6
Rd1+ 34. Re1 Rxe1+ 35. Kxe1 Rd8 36. Qa7+ Kh8 37. Qe3 Rd1# 0-1

[Event "Forcing Moves Spring-1 U1600"]
[Site "Mississauga CAN"]
[Date "2023.04.29"]
[Round "1.11"]
[White "Dembla, Shabd"]
[Black "Ou Yang, Jason"]
[Result "1-0"]
[WhiteElo "1205"]
[BlackElo "609"]
[PlyCount "37"]
[EventDate "2023.04.29"]
[EventType "swiss"]
[EventRounds "5"]
[EventCountry "CAN"]

1. e4 g6 2. Nf3 d5 3. exd5 Qxd5 4. Nc3 Qd8 5. Bc4 Bg7 6. d4 Bg4 7. Bxf7+ Kxf7
8. Ng5+ Ke8 9. Qxg4 Nf6 10. Qh3 h6 11. Ne6 Qd5 12. Nxd5 Nxd5 13. Nxg7+ Kf7 14.
Qe6+ Kxg7 15. Qxd5 Nc6 16. c3 Rhf8 17. O-O Rf6 18. Qd7 Raf8 19. Bd2 1-0